| 000 | 00457nam a22001457a 4500 | ||
|---|---|---|---|
| 003 | OSt | ||
| 040 | _a0 | ||
| 082 |
_a320.954035 _bMAL 2015 |
||
| 100 | _aMalik, Nadeem Shafiq | ||
| 245 |
_aBrethren In Faith _bThe All India Muslim League and the Palistine Issue (1917-1947) _cDr. Nadeem Shafiq Malik |
||
| 260 |
_aLahore _bFiction House _c2015 |
||
| 300 |
_a608 p. _bHB _c24 cm |
||
| 650 | _aThe All India Muslim League and the Palistine Issue | ||
| 942 |
_2ddc _cBK |
||
| 999 |
_c16410 _d16410 |
||